| 000 | 00801nam a2200241 u 4500 | ||
|---|---|---|---|
| 005 | 20240831063753.0 | ||
| 008 | 130212s2008 es r 000 0 spa d | ||
| 020 | _a9878493588335 | ||
| 035 | _aUPN01000189545 | ||
| 049 | _aI | ||
| 050 | 4 |
_aPZ75 _bR4.7 |
|
| 100 | 1 |
_aReinón, Eladio _933887 |
|
| 245 | 1 | 3 |
_aEl saxo : _by otros instrumentos de viento / _cEladio Reinón ; il. Subi ; tr. Mariana Orozco. |
| 260 |
_aMadrid : _bBellaterra Música, _c2008. |
||
| 300 |
_a26 p. : _bil. col. + _e1 CD-ROM ; 4 3/4 plg. |
||
| 440 | 0 | _aHistorias de instrumentos | |
| 500 | _aIncluye un CD-ROM 4 3/4 plg. Solicítalo en el mostrador de préstamo | ||
| 650 | 4 |
_aCuentos infantiles españoles _97725 |
|
| 650 | 4 |
_aMUSICA Y NIÑOS _922166 |
|
| 905 | _aInfantil | ||
| 999 |
_c161648 _d161648 |
||